LEADER 04674nam 2200637Ia 450 001 9910781170703321 005 20211201182534.0 010 $a1-61668-932-3 035 $a(CKB)2550000000010770 035 $a(EBL)3018063 035 $a(SSID)ssj0000412826 035 $a(PQKBManifestationID)12101028 035 $a(PQKBTitleCode)TC0000412826 035 $a(PQKBWorkID)10367233 035 $a(PQKB)10125621 035 $a(MiAaPQ)EBC3018063 035 $a(Au-PeEL)EBL3018063 035 $a(CaPaEBR)ebr10658985 035 $a(OCoLC)923654915 035 $a(EXLCZ)992550000000010770 100 $a20090909d2010 uy 0 101 0 $aeng 135 $aur|n|---||||| 181 $ctxt 182 $cc 183 $acr 200 00$aBiochemistry and histocytochemistry research developments$b[electronic resource] /$fStefan Fuchs and Max Auer, editors 210 $aNew York $cNova Science$dc2010 215 $a1 online resource (377 p.) 225 0$aBiochemistry research trends series 300 $aDescription based upon print version of record. 311 $a1-60876-283-1 320 $aIncludes bibliographical references and index. 327 $a""BIOCHEMISTRY AND HISTOCYTOCHEMISTRY RESEARCH DEVELOPMENTS""; ""BIOCHEMISTRY AND HISTOCYTOCHEMISTRY RESEARCH DEVELOPMENTS""; ""CONTENTS""; ""PREFACE""; ""FUNCTION OF NOREPINEPHRINE IN NEUROINFLAMMATION AND CHRONIC NEURODEGENERATIVE DISEASES""; ""ABSTRACT ""; ""1. INTRODUCTION ""; ""2. THE LOCUS COERULEUS ""; ""3. CLASSICAL FUNCTIONS OF NOREPINEPHRINE IN THE CNS ""; ""4. ADRENOCEPTORS ""; ""5. ROLE OF NE AND ADRENERGIC AGONISTS IN PERIPHERAL IMMUNE CELLS FUNCTIONS ""; ""6. IMMUNE SYSTEM IN THE CNS ""; ""7. ROLE OF NE AND ADRENERGIC AGONISTS IN MICROGLIA FUNCTIONS "" 327 $a""8. ROLE OF NE AND ADRENERGIC AGONISTS IN ASTROCYTES FUNCTIONS """"9. INTRACELLULAR SIGNALLINGS INDUCED BY ADRENERGIC ACTIVATION ""; ""10. NOREPINEPHRINE IN ALZHEIMERa???S DISEASE""; ""11. ROLE OF NOREPINEPHRINE IN PARKINSONa???S DISEASE""; ""Neuroprotective and Anti-Inflammatory Effects of NE on the Dopaminergic System ""; ""12. NOREPINEPHRINE IN MULTIPLE SCLEROSIS""; ""13. SUMMARY ""; ""REFERENCES ""; ""THE ROLE OF NORADRENALINE ON INTERPERSONAL FUNCTIONING ""; ""ABSTRACT ""; ""I .WHAT IS INTERPERSONAL FUNCTIONING? "" 327 $a""A. Importance of Healthy Interpersonal Functioning for Relationship Formation and Social Support """"B. Relationship between Depression and Interpersonal Functioning Deficits ""; ""II. HOW TO MEASURE INTERPERSONAL FUNCTIONING? ""; ""A. Measures of Global Interpersonal Functioning: ""; ""B. Questionnaires for Interpersonal Behaviour: ""; ""C. Laboratory Tasks ""; ""III EVIDENCE TO SUPPORT THE ROLE OF NORADRENALINE IN INTERPERSONAL FUNCTIONING ""; ""A. Clinical Study: Global Interpersonal Functioning (SASS Study): "" 327 $a""B. Experimental Study: Facial Emotion Perception Positive Bias in Healthy Volunteers """"C. Experimental Study: Cooperative and Dominant Behaviours in Healthy Volunteers""; ""CONCLUSION ""; ""REFERENCES ""; ""THE NEUROTRANSMITTER NOREPINEPHRINE AND ITS ROLE IN AFFECTIVE DISORDERS ""; ""I. ABSTRACT ""; ""II. INTRODUCTION ""; ""a. Neurotransmitter Norepinephrine ""; ""b. Noradrenergic System ""; ""c. Noradrenergic Receptors ""; ""d. Norepinephrine Neurons""; ""III. ROLE OF NOREPINEPHRINE IN MOOD AND COGNITION ""; ""a. Pain and Nociception ""; ""b. Emotions ""; ""c. Cognition "" 327 $a""IV. NOREPINEPHRINE AND AFFECTIVE DISORDERS """"a. Stress and Anxiety Disorders ""; ""b. Unipolar Depression and Bipolar Disorder""; ""V. EFFECT OF PSYCHIATRIC DRUGS ON NORADRENERGIC SYSTEM ""; ""a. Antidepressant Drugs ""; ""b. Mood Stabilizers and Atypical Antipsychotic Drugs ""; ""VI. CONCLUSIONS ""; ""ACKNOWLEDGMENTS ""; ""REFERENCES ""; ""THE ROLE OF SYMPATHETIC NERVE ACTIVITY IN RENAL INJURY""; ""ABSTRACT ""; ""INTRODUCTION ""; ""PLASMA NOREPINEPHRINE AS A PREDICTOR FOR FUTURE CARDIOVASCULAR AND RENAL EVENTS "" 327 $a""(1)Plasma Norepinephrine Levels Predicts Cardiovascular Events in Patients with ESRD (Figure 1) "" 410 0$aBiochemistry Research Trends 606 $aHistochemistry 606 $aImmunohistochemistry 606 $aNorepinephrine 615 0$aHistochemistry. 615 0$aImmunohistochemistry. 615 0$aNorepinephrine. 676 $a572 701 $aFuchs$b Stefan$f1960-$01576080 701 $aAuer$b Max$f1962-$01576081 801 0$bMiAaPQ 801 1$bMiAaPQ 801 2$bMiAaPQ 906 $aBOOK 912 $a9910781170703321 996 $aBiochemistry and histocytochemistry research developments$93853569 997 $aUNINA LEADER 02890nam 2200685Ia 450 001 9910962172603321 005 20251116220609.0 010 $a1-281-09982-1 010 $a9786611099824 010 $a0-8213-6842-7 024 7 $a10.1596/978-0-8213-6841-1 035 $a(CKB)1000000000480596 035 $a(EBL)459352 035 $a(OCoLC)290490808 035 $a(SSID)ssj0000237167 035 $a(PQKBManifestationID)11213530 035 $a(PQKBTitleCode)TC0000237167 035 $a(PQKBWorkID)10192144 035 $a(PQKB)10950006 035 $a(MiAaPQ)EBC459352 035 $a(Au-PeEL)EBL459352 035 $a(CaPaEBR)ebr10197137 035 $a(CaONFJC)MIL109982 035 $a(OCoLC)776988836 035 $a(The World Bank)2476 035 $a(US-djbf)2476 035 $a(EXLCZ)991000000000480596 100 $a20071221d2008 uy 0 101 0 $aeng 135 $aurcn||||||||| 181 $ctxt$2rdacontent 182 $cc$2rdamedia 183 $acr$2rdacarrier 200 10$aRethinking infrastructure for development /$fedited by Francois Bourguignon and Boris Pleskovic 205 $a1st ed. 210 $aWashington, D.C. $cWorld Bank$dc2008 215 $a1 online resource (296 pages) 225 0 $aAnnual World Bank Conference on Development Economics--Global 2007 ;$v2 300 $aDescription based upon print version of record. 311 08$a0-8213-6841-9 327 $aContents; ABOUT THIS BOOK; INTRODUCTION; OPENING SPEECH; OPENING SPEECH; KEYNOTE ADDRESS; KEYNOTE ADDRESS; KEYNOTE ADDRESS; Infrastructure for Growth: Emerging Issues; Sustainable Development and Infrastructure: Climate Change, Clean Energy, and Energy Efficiency; Rural Infrastructure and Agricultural Development; Infrastructure and Regional Cooperation; CLOSING REMARKS 330 3 $aThis edition of the Annual World Bank Conference on Development Economics presents selected papers from the ABCDE Meetings, held May 29-30, 2006, in Tokyo, Japan. This volume presents papers on Infrastructure for Growth - emerging issues; sustainable development and infrastructure - climate change, clean energy, and energy efficiency; rural infrastructure and agricultural development; and infrastructure and regional cooperation. 410 0$aWorld Bank e-Library. 517 1 $aABCDE 606 $aEconomic development$vCongresses 606 $aEconomic assistance$vCongresses 607 $aDeveloping countries$xEconomic conditions$vCongresses 615 0$aEconomic development 615 0$aEconomic assistance 676 $a338.9 701 $aBourguignon$b Franc?ois$0374856 701 $aPleskovic$b Boris$0126701 712 02$aWorld Bank. 801 0$bMiAaPQ 801 1$bMiAaPQ 801 2$bMiAaPQ 906 $aBOOK 912 $a9910962172603321 996 $aRethinking infrastructure for development$94539145 997 $aUNINA